| 000 | 00660nam a22002171 4500 | ||
|---|---|---|---|
| 001 | 31192 | ||
| 003 | BD-RjUL | ||
| 005 | 20211209051654.0 | ||
| 008 | 140413s1960 enk 00100 eng d | ||
| 035 | _a(BD-RjUL)31279 | ||
| 040 |
_aDLC _beng _cDLC _dBD-RjUL |
||
| 041 | _aeng | ||
| 082 |
_a191 _bFEI 1960 |
||
| 100 | 1 |
_aFeibleman, James K. _q(James Kern), _d1904- _994861 |
|
| 245 | 1 | 3 |
_aAn introduction to Peirce's philosophy : _binterpreted as a system / |
| 260 |
_aLondon : _bAllen & Unwin, _c1960. |
||
| 300 |
_axx, 503 p. ; _c24 cm. |
||
| 504 | _aIncludes index. | ||
| 600 | 1 | 0 |
_aPeirce, Charles S. _q(Charles Sanders), _d1839-1914. _924020 |
| 942 |
_2ddc _cBK |
||
| 999 |
_c31192 _d31192 |
||